Die größten Städte pro Bundesland - Buchstabe S - Statistiken

Allgemein
  • Dieses Quiz wurde 214 mal gespielt
  • Das Durchschnittsergebnis liegt bei 12 aus 39
Antwortstatistiken
Bundesland Einwohnerzahl Stadt % Korrekt
Baden-Württemberg 626.275 Stuttgart
97%
Saarland 179.634 Saarbrücken
91%
Mecklenburg-Vorpommern 95.740 Schwerin
84%
Nordrhein-Westfalen 158.957 Solingen
74%
Saarland 34.445 Saarlouis
71%
Nordrhein-Westfalen 101.516 Siegen
71%
Niedersachsen 103.694 Salzgitter
67%
Bayern 53.585 Schweinfurt
57%
Baden-Württemberg 64.151 Sindelfingen
56%
Mecklenburg-Vorpommern 59.171 Stralsund
51%
Rheinland-Pfalz 50.565 Speyer
48%
Thüringen 36.054 Suhl
42%
Bayern 47.854 Straubing
35%
Niedersachsen 47.579 Stade
32%
Schleswig-Holstein 25.510 Schleswig
31%
Thüringen 28.772 Saalfeld (Saale)
30%
Sachsen-Anhalt 38.359 Stendal
30%
Saarland 34.971 St. Ingbert
28%
Baden-Württemberg 61.333 Schwäbisch Gmünd
27%
Bayern 41.146 Schwabach
25%
Sachsen-Anhalt 25.419 Sangerhausen
19%
Brandenburg 29.887 Schwedt (Oder)
19%
Thüringen 23.097 Sonneberg
16%
Nordrhein-Westfalen 56.103 Stolberg (Rheinland)
13%
Mecklenburg-Vorpommern 9.064 Sassnitz
11%
Brandenburg 23.232 Senftenberg
11%
Brandenburg 27.119 Strausberg
9%
Rheinland-Pfalz 20.403 Schifferstadt
7%
Hessen 21.345 Seligenstadt
7%
Sachsen-Anhalt 30.067 Schönebeck (Elbe)
6%
Niedersachsen 41.931 Seevetal
6%
Sachsen 18.574 Schkeuditz
5%
Sachsen 16.011 Schwarzenberg (Erzgebirge)
5%
Rheinland-Pfalz 17.414 Sinzig
5%
Hessen 18.195 Schwalmstadt
3%
Hessen 21.121 Stadtallendorf
3%
Schleswig-Holstein 19.402 Schenefeld
2%
Schleswig-Holstein 17.079 Stockelsdorf
2%
Sachsen 13.685 Schneeberg
1%
Keine übereinstimmenden Quizze gefunden
Verteilung der Resultate
Anzahl Personen mit jedem Resultat
Perzentil nach korrekt beantworteten Fragen
Ihre Resultats-Entwicklung
Sie haben dieses Quiz noch nicht gespielt